Zváranie vysokovýkonnou metódou TIME : Diplomová práca

Enregistré dans:
Détails bibliographiques
Auteur principal: Košťálová, Iveta (Auteur)
Autres auteurs: Jančarik, Miroslav (xxx)
Format: Manuscrit Livre
Langue:slovaque
Publié: Trnava : SVŠT v Bratislave MTF KZaZS, 1992
Sujets:
Tags: Ajouter un tag
Pas de tags, Soyez le premier à ajouter un tag!

MARC

LEADER 00000ntm a22000003a 4500
001 stu86754
005 20160719154730.8
008 040505s1992----xo------------------slo-d
040 |a STU  |b slo 
041 0 |a slo 
044 |a xo 
100 1 |a Košťálová, Iveta  |4 aut 
245 1 |a Zváranie vysokovýkonnou metódou TIME :  |b Diplomová práca 
260 |a Trnava :  |b SVŠT v Bratislave MTF KZaZS,  |c 1992 
300 |a 85 s  |c príl 
650 7 |a strojárska technológia  |2 stusub 
650 7 |a zváranie  |2 stusub 
700 1 |a Jančarik, Miroslav  |4 xxx 
996 |b 284M054355  |c M*DP-2285  |l MMSKP  |s P  |a 0  |w stu86754_0001